Statistiques concernant Ville à pays n°4

Cliquez ici pour prendre le quiz!

Statistiques générales

  • Ce quiz a été pris 91 fois
  • Le résultat moyen est 10 sur 16

Statistiques - réponses

Villeet pays% Correct
Las VegasÉtats-Unis
99%
GênesItalie
97%
MalmöSuède
91%
IzmirTurquie
90%
ChengduChine
88%
SuezEgypte
86%
GdyniaPologne
62%
BassorahIrak
58%
SfaxTunisie
56%
PuneInde
55%
BrnoRepubliqué Tchèque
52%
BanjulGambie
49%
VyborgRussie
44%
MaracaiboVenezuela
42%
ReginaCanada
40%
PokharaNepal
12%

Distribution des résultats

Percentile par nombre de réponses

% des personnes avec chaque résultat

Votre développement - résultats

Vous n’avez pas pris ce quiz